01005nam a22002055i 4500001000700000003000900007005001700016008004100033080001800074100005000092245010500142260006400247300002100311530003500332650003200367852013800399856010000537999001900637952014300656158067ES-MaACL20250907063120.0990701s1861 sp |||| | spa d a598.2(460.35)1 aLópez Seoane, Víctor, d1834-1900912905910aCatálogo de las aves observadas en Andalucía / cpor Víctor López Seoane y Pardo Montenegro. aMadrid : bImp. y Librería de Don Eusebio Aguado, c1861. a62 p. ; c21 cm. aDisponible en formato digital. 4aAves-zAndalucía.9150807 aES-MaACLjT-81-F-21 z- Enc. hol., falto de cub. originalz- Enc. en un vol. facticio z- Dedicatoria autógrafa del autor4 uhttp://biblioteca.galiciana.gal/es/consulta/registro.do?id=4810 zBiblioteca Dixital de Galicia c158067d158067 001040708Colección_de_folletosaATENEOMbATENEOMcDEPOFd2008-01-17l0oT-81-F-21p1165431r2023-02-23 00:00:00w2023-02-23yFOLLETOS